书目信息 |
| 题名: |
现代高校体育教育专业多维构建
|
|
| 作者: | 林丽芳 著 | |
| 分册: | ||
| 出版信息: | 北京 北京出版社 2022.01 |
|
| 页数: | 183页 | |
| 开本: | 24cm | |
| 丛书名: | ||
| 单 册: | ||
| 中图分类: | G812.5 | |
| 科图分类: | ||
| 主题词: | 高等学校--体育专业--发展--研究--中国 | |
| 电子资源: | ||
| ISBN: | 978-7-200-16589-0 | |
| 000 | 01225nam0 2200253 450 | |
| 001 | 012001001400 | |
| 005 | 20141202143208.0 | |
| 010 | @a978-7-200-16589-0@dCNY65.00 | |
| 100 | @a20220905e2022 em y0chiy50 ea | |
| 101 | 0 | @achi |
| 102 | @aCN@b110000 | |
| 105 | @aa az 000yy | |
| 106 | @ar | |
| 200 | 1 | @a现代高校体育教育专业多维构建@Axian dai gao xiao ti yu jiao yu zhuan ye duo wei gou jian@f林丽芳著 |
| 210 | @a北京@c北京出版社@d2022.01@h20222印 | |
| 215 | @a183页@c图@d24cm | |
| 314 | @a林丽芳,女,西安体育学院硕士,龙岩学院体育与健康学院体育教育专业专任教师。 | |
| 320 | @a有书目 (第173-177页) | |
| 330 | @a本书属于体育类的专著,主要由前言、高校体育教育专业发展概述、思想创新引导高校体育专业发展、教师队伍促进现代体育教育专业构建、学生参与现代体育教育专业构建、课程优化现代体育教育专业内容、教学环境营销现代体育教育专业构建氛围,本书以高校创建一流专业为背景,探讨高校体育教育专业的专业构建,从思想理念、教师队伍、学生能力、课程优化、教学环境等方面来构建现代高校体育专业,具有较强的综合性,对高校体育教育专业的构建具有积极的意义。 | |
| 606 | 0 | @a高等学校@x体育专业@x发展@x研究@y中国 |
| 690 | @aG812.5@v5 | |
| 701 | 0 | @a林丽芳@Alin li fang@4著 |
| 801 | 0 | @aCN@bAHXH@c20221111 |
| 905 | @b1363168-72@dG812.5@e165@f5 | |
| 现代高校体育教育专业多维构建/林丽芳著.-北京:北京出版社,2022.01(20222印) |
| 183页:图;24cm |
| ISBN 978-7-200-16589-0:CNY65.00 |
| 本书属于体育类的专著,主要由前言、高校体育教育专业发展概述、思想创新引导高校体育专业发展、教师队伍促进现代体育教育专业构建、学生参与现代体育教育专业构建、课程优化现代体育教育专业内容、教学环境营销现代体育教育专业构建氛围,本书以高校创建一流专业为背景,探讨高校体育教育专业的专业构建,从思想理念、教师队伍、学生能力、课程优化、教学环境等方面来构建现代高校体育专业,具有较强的综合性,对高校体育教育专业的构建具有积极的意义。 |
| ● |
| 相关链接 |
|
|
|
|
正题名:现代高校体育教育专业多维构建
索取号:G812.5/165
 
预约/预借
| 序号 | 登录号 | 条形码 | 馆藏地/架位号 | 状态 | 备注 |
| 1 | 1363168 | 213631685 | 第一样本阅览室/ [索取号:G812.5/165] | 在馆 | |
| 2 | 1363169 | 213631694 | 教育系资料室/ [索取号:G812.5/165] | 在馆 | |
| 3 | 1363170 | 213631701 | 教育系资料室/ [索取号:G812.5/165] | 在馆 | |
| 4 | 1363171 | 213631710 | 第四借阅区/ [索取号:G812.5/165] | 在馆 | |
| 5 | 1363172 | 213631729 | 第四借阅区/ [索取号:G812.5/165] | 在馆 |